Agony and ecstasy in the gig economy: cultivating holding environments for precarious and personalized work identities (Record no. 510003)

000 -LEADER
fixed length control field 02034nam a2200217 4500
008 - FIXED-LENGTH DATA ELEMENTS--GENERAL INFORMATION
fixed length control field 190712b ||||| |||| 00| 0 eng d
100 ## - MAIN ENTRY--PERSONAL NAME
Personal name Petriglieri, Gianpiero
245 ## - TITLE STATEMENT
Title Agony and ecstasy in the gig economy: cultivating holding environments for precarious and personalized work identities
260 ## - PUBLICATION, DISTRIBUTION, ETC. (IMPRINT)
Date of publication, distribution, etc 2019
300 ## - PHYSICAL DESCRIPTION
Extent p.124-170.
520 ## - SUMMARY, ETC.
Summary, etc Building on an inductive, qualitative study of independent workers—people not affiliated with an organization or established profession—this paper develops a theory about the management of precarious and personalized work identities. We find that in the absence of organizational or professional membership, workers experience stark emotional tensions encompassing both the anxiety and fulfillment of working in precarious and personal conditions. Lacking the holding environment provided by an organization, the workers we studied endeavored to create one for themselves through cultivating connections to routines, places, people, and a broader purpose. These personal holding environments helped them manage the broad range of emotions stirred up by their precarious working lives and focus on producing work that let them define, express, and develop their selves. Thus holding environments transformed workers’ precariousness into a tolerable and even generative predicament. By clarifying the process through which people manage emotions associated with precarious and personalized work identities, and thereby render their work identities viable and their selves vital, this paper advances theorizing on the emotional underpinnings of identity work and the systems psychodynamics of independent work. - Reproduced.
650 ## - SUBJECT ADDED ENTRY--TOPICAL TERM
Topical term or geographic name as entry element Work environment
9 (RLIN) 7032
650 ## - SUBJECT ADDED ENTRY--TOPICAL TERM
Topical term or geographic name as entry element Working condition
9 (RLIN) 7033
650 ## - SUBJECT ADDED ENTRY--TOPICAL TERM
Topical term or geographic name as entry element Emotions development
9 (RLIN) 7034
650 ## - SUBJECT ADDED ENTRY--TOPICAL TERM
Topical term or geographic name as entry element Inter personal relations
9 (RLIN) 7035
700 ## - ADDED ENTRY--PERSONAL NAME
Personal name Ashford, Susan J.
9 (RLIN) 7036
700 ## - ADDED ENTRY--PERSONAL NAME
Personal name Wrzesniewski, Amy
9 (RLIN) 7037
773 ## - HOST ITEM ENTRY
Main entry heading Administrative Science Quarterly
906 ## - LOCAL DATA ELEMENT F, LDF (RLIN)
Subject DIP Organisation
942 ## - ADDED ENTRY ELEMENTS (KOHA)
Source of classification or shelving scheme
Item type Articles
Holdings
Withdrawn status Lost status Source of classification or shelving scheme Damaged status Not for loan Permanent location Current location Date acquired Serial Enumeration / chronology Barcode Date last seen Koha item type
          Indian Institute of Public Administration Indian Institute of Public Administration 2019-07-12 64(1), Mar, 2019: p.124-170. AR120074 2019-07-12 Articles

Powered by Koha